Představy naplnené jen zčásti co jsou FFUNA a UNA?
Obsahové a pojmové vymedzenie WFUNA (World federation of united nations associations) a UNA (United nations associations).
Gespeichert in:
| 1. Verfasser: | |
|---|---|
| Format: | Buchkapitel |
| Sprache: | Tschechisch |
| Schlagworte: | |
| Tags: |
Keine Tags, Fügen Sie das erste Tag hinzu!
|
MARC
| LEADER | 00000naa a2200000 4500 | ||
|---|---|---|---|
| 001 | r046437 | ||
| 005 | 20231004105331.7 | ||
| 041 | 0 | |a cze | |
| 044 | |a CZ | ||
| 245 | 1 | 0 | |a Představy naplnené jen zčásti |b co jsou FFUNA a UNA? |c Ilja Ulrich |
| 520 | |a Obsahové a pojmové vymedzenie WFUNA (World federation of united nations associations) a UNA (United nations associations). | ||
| 610 | 2 | 0 | |a organizácie medzinárodné |
| 610 | 2 | 0 | |a spolupráca hospodárska medzinárodná |
| 610 | 2 | 0 | |a WFUNA |
| 610 | 2 | 0 | |a UNA |
| 100 | 1 | |a Ulrich, Ilja | |